[Event "Titled Tue 26th Aug Early"]
[Site "chess.com INT"]
[Date "2025.08.26"]
[Round "11"]
[White "Galstyan, David"]
[Black "Cai, Chaoruo"]
[Result "1-0"]
[WhiteTitle "FM"]
[BlackTitle "CM"]
[WhiteElo "2284"]
[BlackElo "2274"]
[WhiteFideId "54516196"]
[BlackFideId "8618402"]
[EventDate "2025.08.26"]

1. a3 a6 2. b4 e5 3. Bb2 Nc6 4. g3 f5 5. Bg2 d6 6. e3 Nf6 7. Ne2 Be7 8. O-O O-O
9. c4 Be6 10. Qc2 d5 11. cxd5 Nxd5 12. Nbc3 Nxc3 13. Nxc3 e4 14. Rfd1 Qe8 15. d3
exd3 16. Rxd3 Ne5 17. Rdd1 c6 18. Nd5 Bxd5 19. Bxd5+ cxd5 20. Bxe5 Qc6 21. Qb2
Bf6 22. Bxf6 Rxf6 23. Rac1 Qd7 24. Rc5 Rd6 25. Qc3 Qf7 26. Rc7 Rd7 27. Rc8+ Rd8
28. Rc7 Rd7 29. Rc1 Rad8 30. Rxd7 Qxd7 31. Qe5 Qf7 32. Rc7 Qf8 33. Qe6+ Kh8 34.
Rf7 Qg8 35. Qxf5 Rc8 36. Qxd5 h6 37. Rd7 Qe8 38. Qf7 Qe5 39. Rxb7 Rc1+ 40. Kg2
Qe4+ 41. Kh3 Qe5 42. f4 1-0

[Event "Titled Tue 26th Aug Early"]
[Site "chess.com INT"]
[Date "2025.08.26"]
[Round "11"]
[White "Gavilan Diaz, Mario"]
[Black "Arnold, Rhys"]
[Result "1-0"]
[WhiteTitle "FM"]
[BlackTitle "FM"]
[WhiteElo "2195"]
[BlackElo "2269"]
[WhiteFideId "2260905"]
[BlackFideId "1068849"]
[EventDate "2025.08.26"]

1. d4 g6 2. c4 Bg7 3. Nf3 Nf6 4. Nc3 O-O 5. e4 d6 6. Be2 c5 7. d5 e6 8. O-O exd5
9. cxd5 a6 10. a4 Bg4 11. Bf4 Nh5 12. Be3 Nd7 13. h3 Bxf3 14. Bxf3 Nhf6 15. Ra3
Re8 16. Rb3 Rb8 17. Qc2 Qa5 18. Be2 c4 19. Bxc4 Rec8 20. Be2 Nc5 21. Bxc5 Qxc5
22. Qd2 Re8 23. Bd3 Nh5 24. Ne2 Qc7 25. Rc1 Qe7 26. Rb6 Rbc8 27. Rxc8 Rxc8 28.
Qb4 Be5 29. Rxb7 Qh4 30. Rxf7 Nf4 31. Nxf4 Bxf4 32. Bf1 Kxf7 33. Qb7+ Qe7 34.
Qxc8 Be5 35. Bc4 Bxb2 36. Qg4 Be5 37. g3 Kg7 38. h4 a5 39. h5 Qf7 40. Kg2 Kh6
41. hxg6 hxg6 42. Qh4+ Kg7 43. Bb5 Qf6 44. Qg4 Bd4 45. Qd7+ Qf7 46. Qxd6 Qxf2+
47. Kh3 1-0

[Event "Titled Tue 26th Aug Early"]
[Site "chess.com INT"]
[Date "2025.08.26"]
[Round "11"]
[White "Andreikin, Dmitry"]
[Black "Maghsoodloo, Parham"]
[Result "1-0"]
[WhiteTitle "GM"]
[BlackTitle "GM"]
[WhiteElo "2695"]
[BlackElo "2695"]
[WhiteFideId "4158814"]
[BlackFideId "12539929"]
[EventDate "2025.08.26"]

1. d4 d5 2. c4 c6 3. Nf3 Nf6 4. cxd5 cxd5 5. Nc3 Nc6 6. Bf4 Bf5 7. e3 e6 8. Bb5
Bb4 9. Rc1 O-O 10. O-O Rc8 11. Qa4 Qa5 12. a3 Bxc3 13. Rxc3 Qxa4 14. Bxa4 Ne4
15. Rcc1 f6 16. h4 a6 17. Bxc6 bxc6 18. b4 a5 19. bxa5 Rf7 20. h5 Ra7 21. Nh4
Rxa5 22. f3 Ng5 23. Rc3 Nf7 24. g4 g5 25. gxf5 e5 26. Ng6 hxg6 27. fxg6 gxf4 28.
gxf7+ Kxf7 29. dxe5 fxe3 30. Rxe3 d4 31. Re4 fxe5 32. f4 Ke6 33. fxe5 Rg8+ 34.
Kf2 Rxe5 35. Rxe5+ Kxe5 36. h6 Rh8 37. Rh1 Rh7 38. Ke2 c5 39. Kd3 Kf5 40. a4 Kg6
41. a5 Kg5 42. a6 Kg6 43. Rh2 Kg5 44. a7 Rxa7 45. h7 Ra3+ 46. Kc4 Ra8 47. h8=Q
Rxh8 48. Rxh8 1-0

[Event "Titled Tue 26th Aug Early"]
[Site "chess.com INT"]
[Date "2025.08.26"]
[Round "11"]
[White "Janukshan, B"]
[Black "Koridze, Lile"]
[Result "1/2-1/2"]
[WhiteTitle "CM"]
[BlackTitle "WFM"]
[WhiteElo "1944"]
[BlackElo "2110"]
[WhiteFideId "29945399"]
[BlackFideId "13612514"]
[EventDate "2025.08.26"]

1. Nf3 d5 2. b3 e6 3. Bb2 Nf6 4. e3 c5 5. c4 dxc4 6. bxc4 Nc6 7. Be2 Be7 8. O-O
O-O 9. d4 cxd4 10. exd4 a6 11. Nc3 b6 12. Rc1 Bb7 13. a3 Rc8 14. Qb3 Na5 15. Qa2
Bxf3 16. Bxf3 Rxc4 17. Rfd1 Rc8 18. d5 exd5 19. Nxd5 Rxc1 20. Rxc1 Nxd5 21. Bxd5
Bf6 22. Bxf6 Qxf6 23. Rc7 g6 24. g3 Kg7 25. Ra7 Nc6 26. Rxa6 Nd4 27. Kg2 h5 28.
h4 Re8 29. Ra7 Re2 30. Rxf7+ Qxf7 31. Bxf7 Rxa2 32. Bxa2 Nc2 33. a4 Kf6 34. Kf3
Ke5 35. Bf7 Kf6 36. Be8 Nd4+ 37. Ke4 Ne6 38. f3 Nc7 39. Bb5 Ke6 40. g4 hxg4 41.
fxg4 Kf6 42. Bc4 Ke7 43. Ke5 Ne8 44. h5 Nf6 45. hxg6 Nxg4+ 46. Kf4 Nf6 47. g7
Nh5+ 48. Ke5 Nxg7 49. Kd5 Kd8 50. Kc6 Kc8 51. Kxb6 Kb8 52. a5 Nf5 53. a6 Ne7 54.
Be6 Ka8 55. Bd7 Nd5+ 56. Kb5 Nc7+ 57. Kb6 Nxa6 1/2-1/2

[Event "Titled Tue 26th Aug Early"]
[Site "chess.com INT"]
[Date "2025.08.26"]
[Round "11"]
[White "Samunenkov, Ihor"]
[Black "Erigaisi, Arjun"]
[Result "0-1"]
[WhiteTitle "GM"]
[BlackTitle "GM"]
[WhiteElo "2548"]
[BlackElo "2776"]
[WhiteFideId "14187086"]
[BlackFideId "35009192"]
[EventDate "2025.08.26"]

1. e4 b6 2. d4 Bb7 3. Bd3 e6 4. Nf3 Nf6 5. Qe2 d5 6. e5 Nfd7 7. h4 c5 8. c3 h6
9. Nbd2 Qc8 10. b3 Nc6 11. Bb2 cxd4 12. cxd4 Nb4 13. Rc1 Nxd3+ 14. Qxd3 Qd8 15.
Nf1 a5 16. Ne3 a4 17. Bc3 Ba3 18. Rb1 Qc7 19. b4 Ba6 20. b5 Bb7 21. O-O O-O 22.
Bd2 Be7 23. Rfc1 Qd8 24. Bb4 Bxb4 25. Rxb4 Qe7 26. Rb2 Rfc8 27. Rbc2 Nf8 28. h5
Qb4 29. a3 Qe7 30. Nd1 Rxc2 31. Rxc2 Bc8 32. Rb2 Bd7 33. Rb4 Nh7 34. Nc3 Ng5 35.
Nd2 Rc8 36. Rxa4 Be8 37. Rb4 f6 38. f4 Nh7 39. Rb1 Bxh5 40. Na4 Qa7 41. Nb2 Qa5
42. Nf3 Rc3 43. Qd2 Bxf3 44. gxf3 Qxa3 45. Rc1 Rxc1+ 46. Qxc1 Qxf3 47. Na4 Qg3+
48. Kf1 Qd3+ 49. Ke1 Qxb5 50. Qc8+ Nf8 51. Nc3 Qd3 52. f5 Qxf5 53. Nxd5 Qe4+ 0-1

[Event "Titled Tue 26th Aug Early"]
[Site "chess.com INT"]
[Date "2025.08.26"]
[Round "11"]
[White "Bulgak, Damir"]
[Black "Karamsetty, Jeevan"]
[Result "0-1"]
[WhiteTitle "CM"]
[BlackTitle "FM"]
[WhiteElo "2254"]
[BlackElo "2244"]
[WhiteFideId "13528882"]
[BlackFideId "2025337"]
[EventDate "2025.08.26"]

1. e4 d6 2. d4 Nf6 3. Nc3 e5 4. Nf3 Nbd7 5. g4 g6 6. Bc4 Bg7 7. g5 Nh5 8. dxe5
Nxe5 9. Nxe5 Bxe5 10. O-O Bh3 11. Qf3 Qd7 12. Re1 O-O 13. Be3 Kg7 14. Nd5 c6 15.
Nf4 Bg4 16. Nxh5+ Bxh5 17. Qg2 b5 18. Bb3 Bxb2 19. Rab1 Bc3 20. Qg3 Rae8 21. Qf4
Qh3 22. Qg3 Qxg3+ 23. hxg3 Bxe1 24. Rxe1 Rxe4 25. c3 c5 26. Bd5 Re5 27. Bg2 Bg4
28. f4 Re6 29. Bd5 Ree8 30. Kf2 Be6 31. Bc6 Rc8 32. Bxb5 Rb8 33. Bc6 Rb2+ 34.
Kf3 Rxa2 35. Rd1 Ra6 36. Be4 Rb6 37. g4 Bb3 38. Rd2 Re8 39. f5 f6 40. gxf6+ Kxf6
41. g5+ Kf7 42. f6 Re5 43. Bf4 Re6 44. Bd3 c4 45. Kg3 cxd3 46. Rxd3 Bc4 47. Rd4
d5 48. Rd2 a5 49. Rh2 Kg8 50. f7+ Kxf7 51. Rxh7+ Ke8 0-1

[Event "Titled Tue 26th Aug Early"]
[Site "chess.com INT"]
[Date "2025.08.26"]
[Round "11"]
[White "Zeliantsova, Kseniya"]
[Black "Fronda, Jan Jodilyn"]
[Result "0-1"]
[WhiteTitle "WFM"]
[BlackTitle "WIM"]
[WhiteElo "2062"]
[BlackElo "2115"]
[WhiteFideId "13512617"]
[BlackFideId "5204585"]
[EventDate "2025.08.26"]

1. e4 c5 2. Nf3 d6 3. Bb5+ Nd7 4. a4 a6 5. Be2 Ngf6 6. Nc3 e6 7. O-O Be7 8. d4
cxd4 9. Qxd4 Qc7 10. Be3 O-O 11. Rfd1 b6 12. Nd2 Bb7 13. Nc4 e5 14. Qd3 Rfd8 15.
a5 b5 16. Nb6 Nc5 17. Nxa8 Bxa8 18. Bxc5 dxc5 19. Qe3 c4 20. Qb6 Qc8 21. Bf3 Nd7
22. Qe3 Bc5 23. Qe2 Nf6 24. Nd5 Bxd5 25. exd5 e4 26. Bxe4 Re8 27. Bxh7+ Kxh7 28.
Qf3 Qg4 29. d6 Qxf3 30. gxf3 Rd8 31. Rd2 Rxd6 32. Rxd6 Bxd6 33. b3 c3 34. Rd1
Bc7 35. b4 Kg6 36. Rd3 Be5 37. Re3 Kf5 38. Rd3 Ke6 39. Rd8 Nd5 40. Ra8 Nxb4 41.
Kf1 Nxc2 42. Rxa6+ Kd5 43. Ke2 Nd4+ 44. Kd3 c2 0-1

[Event "Titled Tue 26th Aug Early"]
[Site "chess.com INT"]
[Date "2025.08.26"]
[Round "11"]
[White "Molaei, Mohammadamin"]
[Black "Punin, Andrii"]
[Result "0-1"]
[WhiteTitle "IM"]
[BlackTitle "FM"]
[WhiteElo "2325"]
[BlackElo "2289"]
[WhiteFideId "12541451"]
[BlackFideId "14112639"]
[EventDate "2025.08.26"]

1. d4 d5 2. c4 e6 3. Nf3 Nf6 4. g3 dxc4 5. Bg2 c5 6. O-O Nc6 7. Qa4 Bd7 8. dxc5
Na5 9. Qc2 Bxc5 10. Bg5 h6 11. Bxf6 Qxf6 12. Nbd2 Rc8 13. Ne4 Qe7 14. Nxc5 Rxc5
15. Rac1 b6 16. Nd2 O-O 17. Ne4 Rcc8 18. Rfd1 Bc6 19. Nd6 Rcd8 20. Nxc4 Rxd1+
21. Rxd1 Bxg2 22. Nxa5 Bd5 23. Nb3 Qb7 24. Rd4 Rc8 25. Qd1 Qc7 26. f3 Qc2 27.
Rd2 Qxd1+ 28. Rxd1 Rc2 29. Nd4 Rxb2 30. a3 a6 31. e4 Bc4 32. Nc6 Be2 33. Rd8+
Kh7 34. Ne5 f6 35. Nd7 Kg6 36. Kf2 Bb5+ 37. Ke3 Bxd7 38. Rxd7 Rb3+ 39. Kf4 e5+
40. Kg4 h5+ 41. Kh4 Rxf3 42. Rd6 Rxa3 43. Rxb6 Ra4 44. Kh3 Rxe4 45. Rxa6 Re3 46.
Ra5 Kg5 47. Ra4 f5 48. Kg2 e4 49. Ra6 g6 50. h4+ Kh6 51. Re6 Kg7 52. Re7+ Kf6
53. Re8 Rd3 54. Rf8+ Kg7 55. Re8 Kf7 56. Re5 Rd2+ 57. Kg1 Kf6 58. Re8 Rc2 59.
Rf8+ Ke5 60. Re8+ Kd4 61. Re6 Ke3 62. Rxg6 Kf3 63. Rg5 e3 64. Rxf5+ Kxg3 65. Kf1
Rf2+ 66. Rxf2 exf2 0-1

[Event "Titled Tue 26th Aug Early"]
[Site "chess.com INT"]
[Date "2025.08.26"]
[Round "11"]
[White "Ljukin, Sergei"]
[Black "Lai, Duc Minh"]
[Result "1/2-1/2"]
[WhiteTitle "FM"]
[WhiteElo "2362"]
[BlackElo "2121"]
[WhiteFideId "14102200"]
[BlackFideId "12420387"]
[EventDate "2025.08.26"]

1. e4 c5 2. Nf3 Nc6 3. d4 cxd4 4. Nxd4 e5 5. Nb5 d6 6. c4 Be7 7. N1c3 a6 8. Na3
Be6 9. Bd3 Nf6 10. O-O O-O 11. Nd5 Bxd5 12. cxd5 Nb4 13. Be3 b5 14. Bb1 Qd7 15.
Qe2 Rfb8 16. f3 Bd8 17. Rc1 Bb6 18. Bxb6 Rxb6 19. Bd3 Qa7 20. Kf1 Rb7 21. Qd2
Qd4 22. Rc3 Nh5 23. Nc2 Nxc2 24. Qxc2 Rbb8 25. g3 b4 26. Rc4 Qe3 27. Qe2 Qh6 28.
Rac1 g6 29. Rc6 a5 30. R1c2 Rd8 31. Qd2 Qg7 32. Rc7 Qf6 33. Kg2 Ng7 34. Bb5 Rab8
35. Ba4 Kh8 36. Qe3 Nh5 37. Qa7 Rf8 38. Qxa5 g5 39. Qb5 Qg6 40. Qd3 Ng7 41. Bd7
h5 42. Bf5 Qf6 43. Qd2 Nxf5 44. exf5 Qxf5 45. Qe3 b3 46. axb3 Rb5 47. Qe4 Qxe4
48. fxe4 Rxb3 49. R7c6 Rd8 50. Ra6 Rd7 51. Kf2 Kg7 52. Rcc6 Rxb2+ 53. Ke3 Rb3+
54. Kf2 Rb2+ 55. Ke3 Rb3+ 56. Kf2 Rb2+ 1/2-1/2

[Event "Titled Tue 26th Aug Early"]
[Site "chess.com INT"]
[Date "2025.08.26"]
[Round "11"]
[White "Donoso Aguirre, Maximiliano"]
[Black "Smietanska, Wiktoria"]
[Result "1/2-1/2"]
[WhiteTitle "CM"]
[BlackTitle "CM"]
[WhiteElo "1978"]
[BlackElo "2237"]
[WhiteFideId "3458920"]
[BlackFideId "21869359"]
[EventDate "2025.08.26"]

1. e4 c5 2. c3 Nf6 3. e5 Nd5 4. Nf3 Nc6 5. Bc4 e6 6. d4 cxd4 7. cxd4 d6 8. Qe2
Nb6 9. Bb3 dxe5 10. dxe5 Bb4+ 11. Bd2 O-O 12. O-O Nd5 13. Bxb4 Ncxb4 14. Rd1 Qa5
15. Na3 b6 16. Nc4 Ba6 17. Qe4 Qc5 18. Nd6 f5 19. Qh4 Nd3 20. Ng5 h6 21. Nxe6
Qc6 22. Nf4 g5 23. Nxd5 gxh4 24. Ne7+ Kg7 25. Nxc6 Nxb2 26. Rd2 Nd3 27. Rad1 Nc5
28. Nb4 Bc8 29. Nxc8 Raxc8 30. e6 Rfe8 31. Rd7+ Kg6 32. Rxa7 Nxe6 33. Bxe6 Rxe6
34. h3 Re2 35. Rad7 Rc5 36. Nd5 Rxa2 37. Ne3 Rc6 38. R7d6+ Rxd6 39. Rxd6+ Kg5
40. Rxb6 Ra1+ 41. Kh2 Ra2 42. f3 Kf4 43. Nd5+ Ke5 44. Rb5 Kd4 45. Nb4 Re2 46.
Rxf5 Rb2 47. Rh5 Ke3 48. Rxh4 Rd2 49. Re4+ Kf2 50. Nc6 Kf1 51. Nd4 Rxg2+ 52. Kh1
Rg1+ 53. Kh2 Rg2+ 54. Kh1 Rg1+ 55. Kh2 Rg2+ 1/2-1/2

[Event "Titled Tue 26th Aug Early"]
[Site "chess.com INT"]
[Date "2025.08.26"]
[Round "11"]
[White "Sava, Robert-Gabriel"]
[Black "Huschenbeth, Niclas"]
[Result "0-1"]
[WhiteTitle "CM"]
[BlackTitle "GM"]
[WhiteElo "2121"]
[BlackElo "2591"]
[WhiteFideId "1265725"]
[BlackFideId "24604747"]
[EventDate "2025.08.26"]

1. d4 d5 2. c4 e6 3. Nf3 Nf6 4. g3 Be7 5. Bg2 O-O 6. O-O c6 7. Nbd2 b6 8. Qc2
Nbd7 9. e4 dxe4 10. Nxe4 Bb7 11. Ne5 Nxe5 12. dxe5 Nxe4 13. Qxe4 Qc7 14. Re1
Rad8 15. Qg4 Bb4 16. Bh6 f5 17. exf6 Rxf6 18. Bg5 Bxe1 19. Bxf6 Bxf2+ 20. Kxf2
Qf7 21. Qxg7+ Qxg7 22. Bxg7 Rd2+ 23. Ke3 Rxg2 24. Bc3 Kf7 25. Rf1+ Ke8 26. Rf2
Rg1 27. Kf4 c5 28. Kg5 Be4 29. Kf6 Bf5 30. Be5 Rd1 31. b3 Rd7 32. Bb2 Bb1 33.
Kxe6 Bxa2 34. Rf3 Re7+ 35. Kd6 Bb1 36. Rf6 Rd7+ 37. Ke6 Re7+ 38. Kd6 Bc2 39. Re6
Rxe6+ 40. Kxe6 Bxb3 41. Kd5 Kd7 42. Be5 Kc8 43. g4 Kb7 44. h4 a5 45. g5 Bd1 46.
Bb2 Bf3+ 47. Kd6 Be2 48. Kd5 Bf3+ 49. Ke5 Kc6 50. Kf4 Be2 51. Kf5 Bxc4 52. h5
Bd3+ 53. Kf6 b5 54. g6 hxg6 55. hxg6 a4 56. g7 Bc4 57. Ke5 b4 58. Ke4 a3 59. Bf6
b3 60. Ke3 b2 0-1

[Event "Titled Tue 26th Aug Early"]
[Site "chess.com INT"]
[Date "2025.08.26"]
[Round "11"]
[White "Henriquez Villagra, Cristobal"]
[Black "Sarana, Alexey"]
[Result "1-0"]
[WhiteTitle "GM"]
[BlackTitle "GM"]
[WhiteElo "2592"]
[BlackElo "2691"]
[WhiteFideId "3409350"]
[BlackFideId "24133795"]
[EventDate "2025.08.26"]

1. e4 c5 2. Nf3 d6 3. d4 cxd4 4. Nxd4 Nf6 5. Nc3 a6 6. h3 e5 7. Nb3 h5 8. Qf3
Be6 9. Bd2 Nbd7 10. O-O-O Rc8 11. Kb1 Qc7 12. Bd3 b5 13. Nd5 Qb7 14. Nxf6+ Nxf6
15. Qe3 Be7 16. f4 h4 17. Rhf1 Nh5 18. f5 Bd7 19. Na5 Qc7 20. Bb4 Nf4 21. Rxf4
exf4 22. Qxf4 Rh6 23. Nb3 Qb6 24. e5 a5 25. Nxa5 Rc5 26. f6 Bf8 27. exd6 Rd5 28.
Re1+ Kd8 29. fxg7 Bxg7 30. Qxf7 Re5 31. Qxg7 Rxe1+ 32. Bxe1 Qe3 33. Qe7+ Qxe7
34. dxe7+ Kxe7 35. Kc1 Be6 36. Kd2 Bd5 37. Bf1 Kd6 38. Nb3 Rf6 39. Be2 Bxg2 40.
Bxh4 Rg6 41. Bg4 Kc6 42. Nd4+ Kb6 43. c3 Rg8 44. Bf2 Bf1 45. Be3 Ka6 46. a3 Rd8
47. Be2 Bxh3 48. Bxb5+ Kb7 49. Bd3 Rh8 50. c4 Bd7 51. Kc3 Rh2 52. b4 Rh3 53.
Be4+ Kc8 54. Kd3 Rh2 55. b5 Ra2 56. Nc2 Be6 57. Kc3 Bxc4 58. Kxc4 Kc7 59. Kb3 1-0

[Event "Titled Tue 26th Aug Early"]
[Site "chess.com INT"]
[Date "2025.08.26"]
[Round "11"]
[White "Murthy, Pappu"]
[Black "Gonzalez Aguirre, Luis"]
[Result "0-1"]
[BlackTitle "CM"]
[WhiteElo "1836"]
[BlackElo "2015"]
[WhiteFideId "2013401"]
[BlackFideId "2202000"]
[EventDate "2025.08.26"]

1. e4 c6 2. d4 d5 3. e5 a6 4. Nc3 Bf5 5. h4 Qb6 6. Rb1 h5 7. Bg5 e6 8. a3 Ne7 9.
Nf3 Bg4 10. Be2 Nf5 11. O-O Bxf3 12. Bxf3 Qxd4 13. Qe2 Nd7 14. g3 Qxe5 15. Qd2
Qd4 16. Qe2 Bd6 17. Kg2 Ne5 18. Rfe1 Nxf3 19. Qxf3 Qg4 20. Qd3 O-O 21. Rbd1 Rfe8
22. Ne2 f6 23. f3 Qc4 24. Bc1 Qxd3 25. Rxd3 e5 26. c4 d4 27. b4 a5 28. c5 Bc7
29. Bb2 axb4 30. axb4 Ra2 31. Rb1 Rc8 32. Ng1 Ne3+ 33. Kh1 Nd5 34. Rb3 Rca8 35.
Nh3 R8a4 36. Ba1 R4a3 37. Rxa3 Rxa3 38. Kg2 Kf7 39. Nf2 b6 40. Ne4 bxc5 41. bxc5
Ra7 42. g4 hxg4 43. fxg4 Ke6 44. h5 f5 45. gxf5+ Kxf5 46. Ng3+ Kg4 47. Re1 Ne3+
48. Kh2 Ra2+ 49. Re2 Rxe2+ 50. Nxe2 Kf3 51. Ng1+ Ke4 52. Bb2 d3 53. Bc1 Nc2 54.
Nh3 Kd5 55. Kg2 e4 56. Ng5 Be5 57. Nf7 Bf6 58. Bg5 e3 59. Bxf6 d2 60. Bxg7 d1=Q
61. h6 Qg4+ 62. Kh2 e2 0-1

[Event "Titled Tue 26th Aug Early"]
[Site "chess.com INT"]
[Date "2025.08.26"]
[Round "11"]
[White "Rosen, Eric"]
[Black "Aarav Sarbalia"]
[Result "1-0"]
[WhiteTitle "IM"]
[BlackTitle "FM"]
[WhiteElo "2377"]
[BlackElo "2232"]
[WhiteFideId "2032562"]
[BlackFideId "33382859"]
[EventDate "2025.08.26"]

1. d4 Nf6 2. Bf4 d5 3. Nf3 c5 4. e3 Nc6 5. Nbd2 e6 6. c3 Nh5 7. Bg5 f6 8. Bh4 g6
9. Rc1 Ng7 10. Be2 Be7 11. Bg3 O-O 12. h3 Bd7 13. O-O g5 14. c4 cxd4 15. Nxd4
Nxd4 16. exd4 Nf5 17. cxd5 exd5 18. Qb3 Nxd4 19. Qd3 Nxe2+ 20. Qxe2 Bb4 21. Nb3
Re8 22. Qf3 Be6 23. Nd4 Bf7 24. Rc7 Bd6 25. Rxb7 Bxg3 26. fxg3 Re4 27. Qxf6 Qxf6
28. Rxf6 Bg6 29. Nf5 Rae8 30. Kh2 Re2 31. g4 d4 32. Rd6 Bxf5 33. gxf5 Rd2 34. f6
Rf8 35. Rg7+ Kh8 36. Rxg5 d3 37. Rd7 Rxb2 38. Rxa7 d2 39. Rd5 Rc2 40. h4 h6 41.
h5 Rg8 42. f7 Rf8 43. Rad7 Kg7 44. Rxd2 Rxd2 45. Rxd2 Rxf7 46. Rd3 Ra7 47. a3
Ra6 48. g4 Ra4 49. Kg3 Ra5 50. Kh4 Rb5 51. Rc3 Ra5 52. Rc7+ Kg8 53. Rc6 Kg7 54.
Rc3 Ra4 55. Rd3 Kh7 56. Rd7+ Kg8 57. Rd6 Kg7 58. Rd3 1-0

[Event "Titled Tue 26th Aug Early"]
[Site "chess.com INT"]
[Date "2025.08.26"]
[Round "11"]
[White "Hovakimyan, Vache"]
[Black "Mohmad Bashiq Imrose"]
[Result "0-1"]
[WhiteTitle "FM"]
[BlackTitle "CM"]
[WhiteElo "2270"]
[BlackElo "2120"]
[WhiteFideId "13317288"]
[BlackFideId "25654489"]
[EventDate "2025.08.26"]

1. Nf3 Nf6 2. b3 d5 3. Bb2 e6 4. e3 Be7 5. c4 O-O 6. Be2 c5 7. cxd5 exd5 8. d4
Nbd7 9. O-O b6 10. Nbd2 Bb7 11. Rc1 Rc8 12. dxc5 Nxc5 13. Nd4 Nfe4 14. Nf5 Bf6
15. Bxf6 Qxf6 16. Nd4 Ne6 17. Nxe4 dxe4 18. Nxe6 Qxe6 19. Qd4 Rxc1 20. Rxc1 Rc8
21. Rxc8+ Qxc8 22. h4 h6 23. Bc4 Qc7 24. h5 a6 25. a4 Kh7 26. g3 a5 27. Kg2 Bc6
28. Bd5 Bxd5 29. Qxd5 Qe7 30. g4 g6 31. hxg6+ fxg6 32. Kg3 g5 33. Qf5+ Kg7 34.
Kg2 Qf7 35. Qe5+ Kg8 36. Qxe4 h5 37. gxh5 Qxh5 38. Qe6+ Kg7 39. Qe7+ Kg8 40.
Qe6+ Kg7 41. f3 Qh4 42. Qxb6 Qe1 43. Qd4+ Kg6 44. Qe4+ Kg7 45. Kh3 Kf6 46. Qd4+
Kg6 47. Qe4+ Kf6 48. Qc6+ Kf5 49. Qd7+ Kf6 50. Qd6+ Kf7 51. Qd7+ Kg6 52. Qe6+
Kh5 53. Qf7+ Kh6 54. Qf6+ Kh5 55. Qh8+ Kg6 56. Qg8+ Kf6 57. Qf8+ Ke6 58. Kg4
Qh4# 0-1

[Event "Titled Tue 26th Aug Early"]
[Site "chess.com INT"]
[Date "2025.08.26"]
[Round "11"]
[White "Megalios, Konstantinos"]
[Black "Srihari, L"]
[Result "0-1"]
[WhiteTitle "IM"]
[BlackTitle "IM"]
[WhiteElo "2383"]
[BlackElo "2368"]
[WhiteFideId "4238044"]
[BlackFideId "46642056"]
[EventDate "2025.08.26"]

1. c4 e6 2. g3 d5 3. Bg2 Nf6 4. Nf3 Be7 5. O-O O-O 6. d4 dxc4 7. Qc2 a6 8. a4
Ra7 9. Qxc4 b6 10. Bg5 Nbd7 11. Rc1 h6 12. Bxf6 Bxf6 13. Nbd2 c5 14. Ne4 Be7 15.
dxc5 bxc5 16. Rd1 Bb7 17. Qc2 Qc7 18. Rac1 Bxe4 19. Qxe4 Nf6 20. Qc2 Rb8 21. Nd4
Nd5 22. Bxd5 exd5 23. Nf5 Bf6 24. Rxd5 Rxb2 25. Qe4 Ra8 26. Rcxc5 Qb8 27. Rd7
Qe8 28. Qxe8+ Rxe8 29. e3 Re5 30. Rc8+ Kh7 31. Nd6 Rd5 32. Rcc7 Be5 33. Nxf7
Bxc7 34. Rxd5 Bb6 35. Ne5 Ra2 36. Nc4 Bc7 37. Rc5 Bd8 38. a5 Bf6 39. Rc6 Kg6 40.
Rxa6 Kf5 41. Rb6 Ke4 42. Kg2 Bc3 43. Rb1 Kd3 44. Nd6 Rxa5 45. Ne8 Be5 46. Rc1
Ra8 47. Nc7 Rc8 48. Rd1+ Kc2 49. Rd5 Bxc7 50. Rc5+ Kd3 51. Kf3 Rf8+ 52. Kg4 Bd8
53. f4 Bf6 54. Kh5 Re8 55. Kg6 Kxe3 56. h4 Kf3 0-1

[Event "Titled Tue 26th Aug Early"]
[Site "chess.com INT"]
[Date "2025.08.26"]
[Round "11"]
[White "Le, Tuan Minh"]
[Black "Xiong, Jeffery"]
[Result "1-0"]
[WhiteTitle "GM"]
[BlackTitle "GM"]
[WhiteElo "2598"]
[BlackElo "2650"]
[WhiteFideId "12401153"]
[BlackFideId "2047640"]
[EventDate "2025.08.26"]

1. d4 Nf6 2. Nf3 d5 3. Bf4 c5 4. c3 e6 5. e3 Qb6 6. Qc2 Bd6 7. Bg3 Nbd7 8. Nbd2
Qc7 9. Bd3 O-O 10. O-O Bxg3 11. hxg3 e5 12. dxe5 Nxe5 13. Nxe5 Qxe5 14. Rfe1 Be6
15. e4 Rad8 16. Nf3 Qh5 17. exd5 Bxd5 18. Nh2 Rfe8 19. Bb5 Re4 20. Rad1 Rxe1+
21. Rxe1 Be6 22. Bf1 Qd5 23. a3 Qd2 24. Qxd2 Rxd2 25. b4 Ra2 26. bxc5 Rxa3 27.
Rb1 Bd5 28. c4 Bc6 29. Nf3 Nd7 30. Nd4 g6 31. Nxc6 bxc6 32. Be2 Nxc5 33. Bf3 Ra6
34. g4 h6 35. Rb8+ Kg7 36. Rc8 Nd3 37. Bxc6 Ra1+ 38. Kh2 Nxf2 39. Kg3 Nd3 40.
Bd5 Ra3 41. Rc7 Ne5+ 42. Kf4 Kf6 43. Ke4 Ra1 44. Rb7 Re1+ 45. Kd4 a5 46. Ra7 Kg5
47. c5 f6 48. c6 Rc1 49. c7 a4 50. Ke3 Nc4+ 51. Bxc4 Rxc4 52. Kd3 Rc6 53. Kd4
Kxg4 54. Kd5 Rc1 55. Rxa4+ Kg3 56. Rc4 Rd1+ 57. Kc6 1-0

[Event "Titled Tue 26th Aug Early"]
[Site "chess.com INT"]
[Date "2025.08.26"]
[Round "11"]
[White "Jasinski, Alexander"]
[Black "Ivanov, Alexander"]
[Result "1-0"]
[BlackTitle "GM"]
[WhiteElo "2063"]
[BlackElo "2376"]
[WhiteFideId "55627994"]
[BlackFideId "2000202"]
[EventDate "2025.08.26"]

1. e4 c5 2. Nf3 d6 3. Bb5+ Bd7 4. Bxd7+ Qxd7 5. c4 Nc6 6. d4 cxd4 7. Nxd4 Nf6 8.
Nc3 g6 9. b3 Bg7 10. Bb2 O-O 11. O-O a6 12. Re1 Rab8 13. a4 Nxd4 14. Qxd4 Ng4
15. Qd2 f5 16. h3 Ne5 17. Nd5 fxe4 18. Rxe4 Rbd8 19. Rae1 e6 20. Ne3 Qf7 21. f4
Nc6 22. Bxg7 Kxg7 23. Ng4 h5 24. Qc3+ Kh7 25. Nh2 e5 26. Nf3 Kg8 27. fxe5 dxe5
28. Qe3 Rde8 29. Nxe5 Nxe5 30. Rxe5 Rxe5 31. Qxe5 Qf2+ 32. Kh1 Kh7 33. Qe7+ Rf7
34. Qe3 Qf5 35. Kh2 a5 36. Qe5 Qf2 37. Re2 Qf1 38. Re1 Qf2 39. Rd1 h4 40. Rd4
Rf5 41. Rd7+ Kh6 42. Qh8+ Kg5 43. Qd8+ Kh6 44. Qh8+ Kg5 45. Qd8+ Kf4 46. Rd4+
Ke3 47. Rd3+ Kf4 48. Qd4+ Qxd4 49. Rxd4+ Kg5 50. Kg1 Kf6 51. Rd6+ Kg5 52. Rd7 b6
53. Rd6 Kf4 54. Rxg6 Re5 55. Rxb6 Re2 56. Rf6+ Kg5 57. Rf3 Rb2 58. Rc3 Kf4 59.
c5 Rb1+ 60. Kh2 Ke4 61. c6 Kd4 62. Rc4+ Kd5 63. c7 Rxb3 64. c8=Q Rb4 65. Qc5+ 1-0

[Event "Titled Tue 26th Aug Early"]
[Site "chess.com INT"]
[Date "2025.08.26"]
[Round "11"]
[White "Ienasoaie, Rafael"]
[Black "Marcziter, Dmitrii"]
[Result "0-1"]
[WhiteTitle "CM"]
[BlackTitle "FM"]
[WhiteElo "2168"]
[BlackElo "2188"]
[WhiteFideId "1266659"]
[BlackFideId "13900765"]
[EventDate "2025.08.26"]

1. d4 Nf6 2. Nc3 d5 3. Bf4 Bf5 4. e3 e6 5. Nf3 h6 6. h3 Bb4 7. Bd3 a6 8. O-O
Nbd7 9. a3 Bd6 10. Ne5 O-O 11. g4 Bxd3 12. Qxd3 Ne8 13. Ne2 f6 14. Ng6 Rf7 15.
c4 c6 16. e4 Bxf4 17. Ngxf4 e5 18. Ng2 dxe4 19. Qxe4 Nd6 20. Qc2 Re7 21. Rad1
Qc7 22. Ng3 exd4 23. Rxd4 c5 24. Rxd6 Qxd6 25. Nf5 Qe5 26. Nxe7+ Qxe7 27. Qd3
Nb6 28. Re1 Qd7 29. Qe4 Rd8 30. b3 Qf7 31. Nf4 Nd7 32. Qxb7 Ne5 33. Qxf7+ Kxf7
34. Kg2 Rd2 35. Re3 Ra2 36. a4 Rd2 37. Re2 Rd4 38. Nd5 a5 39. f4 Nc6 40. Re3
Rd2+ 41. Kg3 Nd4 42. f5 Rb2 43. Re7+ Kf8 44. Rc7 Rxb3+ 45. Kg2 Rb2+ 46. Kf1 Nb3
47. Nf4 Nd2+ 48. Ke1 Nxc4 49. Ne6+ Ke8 50. Nxg7+ Kd8 51. Ne6+ Ke8 52. Rxc5 Ne3
53. Rxa5 Ng2+ 54. Kd1 Ne3+ 55. Kc1 Rh2 56. Ra7 Rxh3 57. Rg7 Rh2 58. a5 Ra2 59.
a6 Rxa6 60. Nc7+ Kf8 61. Rh7 Rc6+ 0-1